[Event "ISR Youth-Ch Finals 2021 U18"]
[Site "Ramat Hasharon"]
[Date "2021.03.22"]
[Round "3.11"]
[White "Sheinkman, Lidan"]
[Black "Sobel, Alon"]
[Result "1/2-1/2"]
[WhiteElo "1895"]
[BlackElo "1825"]
[Annotator "NA RC"]
[PlyCount "40"]
[EventDate "2021.03.19"]
[EventType "swiss"]
[EventCountry "ISR"]
[SourceTitle "playchess.com"]
[Source "ChessBase"]
[SourceQuality "1"]
[TimeControl "5400+30"]

1. d4 {[%emt 0:03:07]} d5 {[%emt 0:01:03]} 2. c4 {[%emt 0:00:49]} e6 {[%emt 0:00:05]} 3. g3 {[%emt 0:00:04]} Nf6 {[%emt 0:00:06]} 4. Nf3 {[%emt 0:00:05]} Nbd7 {[%emt 0:00:09]} 5. Bg2 {[%emt 0:00:08]} c6 {[%emt 0:00:08]} 6. O-O {[%emt 0:02:54]} Be7 {[%emt 0:00:40]} 7. Qc2 {[%emt 0:01:29]} O-O {[%emt 0:01:28]} 8. Nbd2 {[%emt 0:00:54]} b6 $11 {[%emt 0:06:19]} 9. e4 {[%emt 0:00:36]} dxe4 10. Nxe4 {[%emt 0:00:04]} Bb7 {[%emt 0:01:11]} 11. Ne5 {[%emt 0:03:10]} Qc8 {[%emt 0:12:02]} 12. Rd1 {[%emt 0:08:34]} Rd8 {[%emt 0:07:07]} 13. b3 {[%emt 0:09:51]} c5 {[%emt 0:02:57]} 14. Ba3 {[%emt 0:10:18]} Nxe5 {[%emt 1:03:45]} 15. dxe5 {[%emt 0:00:19]} Nxe4 {[%emt 0:00:00]} 16. Bxe4 {[%emt 0:00:08]} Bxe4 {[%emt 0:00:00]} 17. Qxe4 {[%emt 0:00:16]} Qc7 {[%emt 0:00:00]} 18. Bb2 {[%emt 0:08:58]} Rac8 {[%emt 0:00:00]} 19. Qg4 {[%emt 0:47:46]} Rxd1+ {[%emt 0:00:00]} 20. Rxd1 {[%emt 0:00:00]} Rd8 {[%emt 0:00:00]} 1/2-1/2

[Event "ISR Youth-Ch Finals 2021 U18"]
[Site "Ramat Hasharon"]
[Date "2021.03.22"]
[Round "4.1"]
[White "Tzidkiya, Yeshaayahu"]
[Black "Ben Ari, Yannay"]
[Result "1/2-1/2"]
[WhiteElo "2380"]
[BlackElo "2403"]
[Annotator "TA"]
[PlyCount "80"]
[EventDate "2021.03.19"]
[EventType "swiss"]
[EventCountry "ISR"]
[SourceTitle "playchess.com"]
[Source "ChessBase"]
[SourceQuality "1"]

{[%evp 9,80,0,8,-12,65,65,79,74,75,81,97,99,98,88,85,26,103,106,132,113,114,120,144,99,96,107,99,91,101,86,102,105,106,80,81,60,58,55,47,41,42,20,45,16,16,17,16,7,26,22,20,14,21,0,6,0,0,0,0,0,0,0,0,0,0,0,0,0,0,0,0,0,0]} 1. d4 d5 2. Nc3 Nf6 3. Bg5 Bf5 4. Nf3 e6 5. e3 Nbd7 6. Ne5 {D01: Veresov Opening.} Be7 (6... Bd6 $11) 7. g4 $14 Be4 8. f3 {Strongly threatening Nxd7.White is better.} Bg6 9. h4 $1 {[%cal Rh4h5] aiming for h5.} h6 10. Nxg6 fxg6 {[#]} 11. Bf4 c5 {[#]} 12. Bd3 $146 ({White should play} 12. Qd3 $16) ({Predecessor:} 12. Qd3 Kf7 13. h5 g5 14. Bg3 Re8 15. Qb5 Qc8 16. Qd3 c4 17. Qe2 Bb4 18. Qh2 {0-1 (47) Stanic,A (2120)-Rajkovic,M (2394) Belgrade 2020}) 12... Nf8 (12... O-O $11 {keeps the balance.}) 13. dxc5 $16 Bxc5 14. Qe2 Qe7 15. O-O-O O-O-O 16. e4 d4 {[#]} 17. Na4 e5 18. Bg3 Bd6 19. Kb1 Ne6 20. Bc4 Nf4 21. Qf1 Bc7 22. c3 dxc3 23. Nxc3 Kb8 24. Rc1 Bb6 25. Rc2 g5 26. h5 Rc8 27. a3 Rhd8 28. Rhh2 Be3 29. Nd1 Bd4 {The position is equal.} 30. Rhd2 a6 31. Ka2 Rc6 32. Nc3 Rdc8 33. Nd5 N6xd5 34. exd5 Rc5 35. Bxf4 gxf4 36. Bb3 Rxc2 37. Rxc2 Rxc2 38. Bxc2 Qc5 39. Be4 Kc7 40. Qg2 Qc1 {Weighted Error Value: White=0.08/Black=0.11} 1/2-1/2

[Event "ISR Youth-Ch Finals 2021 U18"]
[Site "Ramat Hasharon"]
[Date "2021.03.22"]
[Round "4.2"]
[White "Zemach, Roee"]
[Black "Gorodetzky, Matan"]
[Result "1/2-1/2"]
[WhiteElo "2292"]
[BlackElo "2253"]
[Annotator "TA"]
[PlyCount "36"]
[EventDate "2021.03.19"]
[EventType "swiss"]
[EventCountry "ISR"]
[SourceTitle "playchess.com"]
[Source "ChessBase"]
[SourceQuality "1"]

{[%evp 9,36,0,0,-10,0,-11,-4,-18,-18,-22,0,-20,23,0,1,1,1,0,14,8,0,0,0,0,11,13,44,43,64]} 1. d4 d5 2. Bf4 Nf6 3. e3 c5 4. c3 Nc6 5. Nd2 Bf5 6. Ngf3 {D00: 1 d4 d5: Unusual lines.} Qb6 7. Qb3 c4 8. Qxb6 {The position is equal.} axb6 9. a3 e6 10. Nh4 Bg6 11. h3 b5 {[#]} 12. Nxg6 $146 ({Predecessor:} 12. Rc1 Kd7 13. Be2 Bd6 14. O-O Bxf4 15. exf4 Ne8 16. g3 Nd6 17. Rfe1 f6 18. Nxg6 hxg6 {1-0 (57) Jumabayev,R (2654)-Arjun,K (2477) chess.com INT 2020}) 12... hxg6 13. Rb1 Kd7 14. Be2 Bd6 15. Bxd6 Kxd6 16. f4 Ne7 17. Bf3 Kc7 18. Kf2 Nh7 {Weighted Error Value: White=0.04/Black=0.13} 1/2-1/2

[Event "ISR Youth-Ch Finals 2021 U18"]
[Site "Ramat Hasharon"]
[Date "2021.03.22"]
[Round "4.3"]
[White "Globus, Or"]
[Black "Kadria, Shay"]
[Result "1-0"]
[WhiteElo "2401"]
[BlackElo "2086"]
[Annotator "TA"]
[PlyCount "65"]
[EventDate "2021.03.19"]
[EventType "swiss"]
[EventCountry "ISR"]
[SourceTitle "playchess.com"]
[Source "ChessBase"]
[SourceQuality "1"]

{[%evp 12,65,27,31,56,28,56,38,45,44,195,200,206,184,254,205,201,203,185,193,434,369,355,253,335,250,489,385,541,452,699,633,619,606,639,486,633,603,583,506,506,506,483,483,583,458,882,857,753,780,703,496,29977,29978,29982,29982]} 1. d4 Nf6 2. Nf3 g6 3. g3 Bg7 4. Bg2 d5 5. O-O O-O 6. c4 e6 7. Nc3 Na6 {D77: Fianchetto Grünfeld: 6 0-0: Replies other than 6...c6.} 8. Bf4 c5 9. cxd5 Nxd5 {White is slightly better.} 10. Nxd5 {[#]} Qxd5 $146 {[#]} (10... exd5 $14 11. Rc1 b6) ({Predecessor:} 10... exd5 11. dxc5 Nxc5 12. Be5 f6 13. Bd4 b6 14. Rc1 Ne4 15. Qa4 Bb7 16. Rfd1 Qe7 {1-0 (33) Trichkov,V (2319)-Novy,F (2170) Prague 2019}) 11. dxc5 $1 $18 Bxb2 12. Rb1 Ba3 (12... Bg7 {keeps fighting.} 13. Bd6 Rd8) 13. Qa4 Qxc5 14. Rfd1 Qe7 15. Bh6 {[%mdl 1024] White has strong compensation.} Re8 $2 (15... f6 16. Bxf8 Kxf8) 16. Bg5 (16. Qd4 f6 $16) 16... Qf8 17. Qf4 {Threatens to win with Ne5.} Nb4 18. e4 f5 $2 (18... e5 19. Nxe5 Nxa2) 19. Ne5 Nxa2 (19... fxe4 {was necessary.} 20. Qxf8+ (20. Bxe4 Qxf4 21. Bxf4 Nd5 $16) 20... Rxf8) 20. Nd7 Nc3 {[#]} (20... Bc1 $142) 21. Qh4 $1 Bxd7 22. Rxd7 {[%csl Gd7][%cal Rh4h7][%mdl 64] Double Attack} h5 23. Rbxb7 Ne2+ 24. Kf1 {Black must now prevent Bf6.} Rab8 {Hoping for ...Rxb7.} 25. Rg7+ {[%mdl 64] Decoy} Qxg7 26. Rxg7+ Kxg7 27. Bf6+ ({Less strong is} 27. Kxe2 Kf7 $18) 27... Kh7 28. Kxe2 Rec8 (28... Rb7 $142 29. Be5 Rf7) 29. exf5 exf5 30. Qa4 {[%mdl 64] White wants to mate with Qd7+. Double Attack} Re8+ 31. Kd3 Be7 (31... Red8+ $18 32. Bxd8 Rxd8+ 33. Kc4 Bf8 34. Qxa7+ Bg7) 32. Qxa7 Red8+ 33. Ke2 {Black did not feel at home in the position after the opening.  Weighted Error Value: White=0.40/Black=0.96} 1-0

[Event "ISR Youth-Ch Finals 2021 U18"]
[Site "Ramat Hasharon"]
[Date "2021.03.22"]
[Round "4.4"]
[White "Milikow, Yoav"]
[Black "Ehrlich, Roy"]
[Result "0-1"]
[WhiteElo "2302"]
[BlackElo "2004"]
[Annotator "TA"]
[PlyCount "132"]
[EventDate "2021.03.19"]
[EventType "swiss"]
[EventCountry "ISR"]
[SourceTitle "playchess.com"]
[Source "ChessBase"]
[SourceQuality "1"]

{[%evp 13,132,16,21,25,18,15,31,39,46,45,58,57,75,56,66,60,66,56,102,99,94,91,109,100,130,133,187,185,188,89,156,157,168,105,118,110,247,93,81,31,33,0,29,35,29,40,41,34,54,45,58,56,58,50,51,53,53,34,29,0,0,0,0,2,185,189,195,197,222,-89,-72,-71,-71,-102,-102,-102,-102,-102,-102,-103,-102,-169,-171,-295,-289,-283,-299,-264,-285,-308,-310,-441,-428,-460,-456,-509,-510,-511,-508,-496,-473,-495,-483,-605,-614,-797,-776,-711,-702,-2045,-1893,-2063,-1983,-1475,-1501,-6403,-5597,-29989,-29990,-29992,-29993]} 1. d4 e6 2. c4 Bb4+ 3. Nd2 c5 4. a3 Bxd2+ 5. Qxd2 cxd4 6. Nf3 Nf6 7. Nxd4 O-O 8. e3 {E11: Bogo-Indian.} d5 9. b3 {[#]} Nc6 $146 ({Predecessor:} 9... a6 10. Bb2 dxc4 11. Bxc4 b5 12. Be2 Bb7 13. f3 Qb6 14. Bc3 Rc8 15. Ba5 Qa7 {1-0 (41) Vitiugov,N (2738)-Zvjaginsev,V (2655) Kazan 2014}) 10. Bb2 {White is slightly better.} Qe7 11. cxd5 Nxd5 12. Nxc6 bxc6 13. e4 $40 {[%mdl 128] White is up to no good.} Nc7 14. Qc3 {[%csl Gb2][%cal Rc3g7]} f6 15. Rc1 Bd7 16. Qa5 Rfc8 17. Bc4 Kh8 18. f4 c5 19. O-O Rab8 (19... a6 $16 20. a4 Bb5) 20. a4 $1 $18 ({Much less strong is} 20. Qxa7 Ra8 $16) 20... Bc6 21. Rce1 ({Worse is} 21. Qxa7 Ra8 $11) (21. Rfe1 $18 {is more deadly.}) 21... Ne8 ({Black should play} 21... Qe8) 22. Ba3 $1 $16 Ba8 23. f5 (23. e5 $1 $18) 23... e5 24. Be6 Rc7 (24... Qc7 $16 25. Qc3 c4) 25. Rf3 $2 (25. Rc1 $1 $18 {has better winning chances.}) 25... Qd6 26. Rh3 Qd4+ {[%mdl 64] Double Attack} 27. Kh1 (27. Kf1 {feels hotter.} c4 28. bxc4 Bxe4 29. Qc3 Qxc3 30. Rxc3 Bc6 31. a5) 27... Bxe4 (27... c4 {with more complications.} 28. bxc4 Bxe4 29. Qc3 Qxc3 30. Rxc3 Bc6) 28. Qc3 $1 Qxc3 $1 29. Rxc3 Rd8 30. Kg1 Bb7 31. Rec1 Rd2 32. R3c2 Rxc2 33. Rxc2 g6 34. Rd2 {[%mdl 1024] White has compensation.} ({Of course not} 34. Bxc5 Be4 $15) 34... Kg7 35. Rd8 Kf8 36. b4 Ke7 37. Rb8 Be4 38. bxc5 {And now c6+ would win.} Bxf5 $2 (38... gxf5 $11 {and Black has nothing to worry.} 39. Bc4 a5) 39. Bd5 $18 {Threatens to win with c6+.} Rc8 {[#]} 40. Rb7+ Rc7 {and if ...Rxb7 works, Black does fine.} 41. Bb4 $2 (41. c6+ $18 Kd8 42. Bc5) 41... Rxb7 $17 42. Bxb7 {[%mdl 4096] Endgame KBB-KBN} Kd7 43. Kf2 Bc2 44. a5 Ba4 45. Bd5 Nc7 46. Bg8 h6 47. Ke3 {[#]} (47. g4 $17 {was necessary.}) 47... Bc6 $1 $19 48. Bd2 (48. Bf7 $142) 48... Bxg2 49. Kf2 Bd5 50. Bh7 g5 51. Kg3 Be6 52. Be3 (52. h4 $142) 52... a6 53. Bc2 f5 54. Ba4+ Ke7 55. Bc1 f4+ 56. Kf2 Bc4 57. Bc2 Ke6 58. Kf3 h5 59. Bg6 g4+ 60. Kf2 h4 61. Bh5 Kf5 62. h3 g3+ 63. Ke1 Ke4 64. Bg6+ Kf3 65. Bb2 g2 66. Bh5+ Kg3 {What a fight!  Weighted Error Value: White=0.28/Black=0.14} 0-1

[Event "ISR Youth-Ch Finals 2021 U18"]
[Site "Ramat Hasharon"]
[Date "2021.03.22"]
[Round "4.5"]
[White "Stolyarsky, Yegor"]
[Black "Katkov, Michelle"]
[Result "0-1"]
[WhiteElo "2063"]
[BlackElo "2078"]
[Annotator "TA"]
[PlyCount "70"]
[EventDate "2021.03.19"]
[EventType "swiss"]
[EventCountry "ISR"]
[SourceTitle "playchess.com"]
[Source "ChessBase"]
[SourceQuality "1"]

{[%evp 13,70,22,18,-4,0,0,0,0,64,-14,-14,-74,-66,-64,-48,-60,-42,-100,-90,-94,-107,-106,-69,-270,-271,-356,-349,-366,-316,-349,-351,-337,-367,-367,-367,-354,-354,-345,-356,-356,-349,-410,-390,-381,-346,-342,-342,-315,-292,-502,-496,-485,-30,-598,-597,-662,-662,-662,-662]} 1. d4 Nf6 2. Nf3 e6 3. g3 d5 4. Bg2 b6 5. O-O Be7 6. c4 Bb7 7. Nc3 O-O 8. Nd2 {8.cxd5 is a critical line. E18: Queen's Indian: Old Main Line (4 g3 Bb7 5 Bg2 Be7 6 0-0 0-0 7 Nc3).} c5 9. dxc5 bxc5 10. Qb3 {The position is equal.} Qb6 {[#]} (10... Bc6 $11) 11. Qxb6 $146 (11. cxd5 $14 Nxd5 12. Nc4 (12. Bxd5 exd5 13. Nxd5 Bxd5 $14) (12. Nxd5 exd5 13. Bxd5 Qxb3 $14) 12... Qxb3 13. axb3) ({Predecessor:} 11. cxd5 exd5 12. Rd1 Rd8 13. Qxb6 axb6 14. Nc4 Ra6 15. Bf4 Bc6 16. Bxb8 Rxb8 17. Nxd5 Nxd5 18. Bxd5 {½-½ (43) Baran,M (1592)-Pregent,D (1761) Montreal 2010}) 11... axb6 $11 12. e4 (12. Rd1 $11 {remains equal.}) 12... d4 $17 13. Nb5 {Hoping for e5.} e5 $36 {[%mdl 2048] White is under pressure.} 14. Nc7 Ra7 15. Nd5 {[#]} ({White should play} 15. Nb5 $15 Ra5 16. a4) 15... Nxd5 $1 16. exd5 f5 17. f3 Nd7 18. Nb1 $2 (18. b3 $15) 18... b5 $1 $19 19. b3 bxc4 20. bxc4 Nb6 21. Nd2 Ba6 22. Re1 Nxc4 23. Nxc4 Bxc4 24. Rxe5 Bf6 25. f4 Bxe5 ({Weaker is} 25... Rxa2 26. Rxa2 Bxa2 27. Rxf5 $19) 26. fxe5 h6 27. h4 Rd8 28. d6 Rxa2 29. Rxa2 Bxa2 {[%mdl 4096] Endgame KRB-KB} 30. Ba3 d3 {[#] White must now prevent ...d2.} 31. Bxc5 $2 (31. Kf2 {might work better.} Be6 32. Bc1) 31... d2 32. Bf3 Bb3 $2 (32... Rc8 $19 33. d7 Rd8) 33. e6 $2 {[%mdl 8192]} (33. Bb4 $1 $11) 33... Bxe6 {Black is clearly winning.} 34. Bb4 d1=Q+ 35. Bxd1 Rb8 {Weighted Error Value: White=0.70/Black=0.34} 0-1

[Event "ISR Youth-Ch Finals 2021 U18"]
[Site "Ramat Hasharon"]
[Date "2021.03.22"]
[Round "4.6"]
[White "Neiman, Maks"]
[Black "Kochavi, Ori"]
[Result "1-0"]
[WhiteElo "1993"]
[BlackElo "2273"]
[Annotator "TA"]
[PlyCount "91"]
[EventDate "2021.03.19"]
[EventType "swiss"]
[EventCountry "ISR"]
[SourceTitle "playchess.com"]
[Source "ChessBase"]
[SourceQuality "1"]

{[%evp 14,91,12,13,10,-23,0,0,2,0,0,2,20,0,0,-33,-13,-33,-21,-20,-21,-20,-14,-11,-11,-46,-22,-45,0,0,0,-37,-17,-86,-29,-83,-2,-22,-24,-22,-29,-14,-10,-10,-10,-11,-13,-12,-2,-9,0,0,0,-7,-8,-33,26,29,88,105,93,83,94,101,89,58,158,176,396,396,386,362,461,448,675,663,613,603,996,996]} 1. d4 Nf6 2. Bf4 g6 3. e3 Bg7 4. Nf3 O-O 5. Be2 d6 6. h3 c5 7. c3 Qb6 8. Qb3 Be6 {A48: 1 d4 Nf6 2 Nf3 g6: Torre, London and Colle Systems.} 9. Qa3 {[#]} Rc8 $146 ({Predecessor:} 9... Nc6 10. O-O cxd4 11. exd4 Qa5 12. Re1 Rfc8 13. Bf1 h6 14. c4 Qxa3 15. Nxa3 Nh5 16. Be3 {1-0 (55) Ratkovic,M (2487)-Sedlak,N (2549) Ruma 2020}) 10. Nbd2 cxd4 {The position is equal.} 11. exd4 a5 12. O-O Nd5 13. Bg5 h6 14. Be3 Nd7 15. Rac1 N7f6 16. c4 Nxe3 17. Qxe3 Rc7 18. b3 a4 19. c5 Qb4 20. Bc4 Nd5 21. Qe4 Nf6 22. Qf4 {Strongly threatening Bxe6.} (22. Qe3 {keeps more tension.}) 22... g5 23. Qh2 {[#]} (23. Qe3 $11 {keeps the balance.} Bf5 24. bxa4) 23... Nd5 (23... Bf5 $1 $17 {...b5 is the strong threat.} 24. bxa4 Rac8) 24. Ne4 {[#]} (24. Rce1 $1 $11 {was the only way to keep the balance.}) 24... Rc6 ({Black should try} 24... Nf4 $1 $17 25. Rce1 axb3 26. Bxe6 Nxe6 27. cxd6 exd6 28. axb3 Rd8) 25. cxd6 (25. Rce1 {feels hotter.} axb3 26. Bxb3 Nf4 27. cxd6 exd6 28. h4) 25... exd6 {White must now prevent ...Nf4.} 26. Bxd5 Bxd5 27. Rxc6 bxc6 28. Qxd6 Qxd6 29. Nxd6 axb3 30. axb3 Ra3 31. Nf5 Bf8 32. Ne5 Rxb3 33. Rc1 Ba3 34. Rc2 Be4 (34... f6 $15 35. Ng4 Kf7) 35. Nxh6+ $11 {[%mdl 64] Double Attack} Kh7 (35... Kg7 $11 36. Re2 Bd5 37. Nf5+ Kg8) 36. Re2 $16 Rb1+ 37. Kh2 Bd5 38. Nhxf7 Bc1 {( -> ...Bf4+)} 39. Kg3 {Threatens to win with Kg4.} (39. g3 {is interesting.} Kg7 40. Nd6 Ba3 41. Ne4 Rb2 42. Nc3) 39... Kg7 (39... Rb4 $1 $14) 40. Nd6 Bf4+ $2 (40... Rb2 41. Ne8+ Kh6 42. Rxb2 Bxb2) 41. Kg4 $18 Be6+ 42. Kh5 Rb8 {[%cal Rb8h8] [#]} 43. Ng6 {White is clearly winning.} Kf6 (43... Bg4+ $142 44. hxg4 Bxd6) (43... Bf7 44. Nxf7) 44. Ne4+ Kg7 {With the idea ...Bf7.} 45. Nxg5 Rb5 46. Nxf4 {Weighted Error Value: White=0.14/Black=0.36} 1-0

[Event "ISR Youth-Ch Finals 2021 U18"]
[Site "Ramat Hasharon"]
[Date "2021.03.22"]
[Round "4.7"]
[White "Cohen Revivo, Shoham"]
[Black "Friedland, Eldar"]
[Result "1-0"]
[WhiteElo "2171"]
[BlackElo "2034"]
[Annotator "TA"]
[PlyCount "79"]
[EventDate "2021.03.19"]
[EventType "swiss"]
[EventCountry "ISR"]
[SourceTitle "playchess.com"]
[Source "ChessBase"]
[SourceQuality "1"]

{[%evp 14,79,41,10,29,-1,32,-21,-17,-36,-35,-32,3,0,18,16,25,0,0,0,14,14,8,11,63,33,37,36,47,48,41,36,43,12,23,28,26,0,0,0,0,-12,37,30,36,0,40,32,63,41,82,37,44,20,152,0,400,387,370,377,440,431,1456,595,775,655,29987,749]} 1. Nf3 Nf6 2. g3 g6 3. b3 Bg7 4. Bb2 O-O 5. Bg2 c5 6. c4 Nc6 7. O-O d6 8. e3 a6 {A30: Symmetrical English: Double Fianchetto and Hedgehog.} 9. Qe2 {[#]} Bf5 $146 ({Predecessor:} 9... Rb8 10. d4 Nd7 {½-½ (10) Briza,J (1964)-Juricek,S (2051) Valasska Bystrice 2017}) 10. Nh4 (10. d4 $14) 10... Bg4 $11 {The position is equal.} 11. f3 Bd7 12. f4 Rb8 13. Nc3 Na5 14. Rae1 b5 {Strongly threatening ...bxc4.} 15. Ba1 bxc4 16. bxc4 Bg4 17. Nf3 Qd7 18. d3 Rb4 ({Better is} 18... Nc6 $11) 19. Nd1 Ne8 {aiming for ...Bxf3.} 20. Nf2 Bxa1 21. Rxa1 Nf6 22. h3 Bxf3 23. Qxf3 Rfb8 24. g4 Rb2 25. h4 h5 {[%cal Rh5g4]} 26. gxh5 Nxh5 27. Ne4 $1 f5 28. Ng5 Nf6 29. Rf2 (29. Qg3 {seems wilder.} e6 30. Bf3 Nc6 31. Rf2 Nd8 32. Re1) 29... Rxf2 (29... d5 {feels hotter.} 30. Rxb2 Rxb2 31. cxd5 c4 32. d6 Qxd6 33. dxc4 Nxc4 34. Rc1 Nb6) 30. Qxf2 Nc6 31. Bf3 Kg7 32. Qg2 Nb4 33. Rd1 {Black must now prevent a3.} Ng4 (33... Qa4 $1 $11 {keeps the balance.}) 34. a3 $2 (34. Bxg4 $16 fxg4 35. Qe4) 34... Nxd3 $2 {[%mdl 8192]} 35. Bxg4 $18 ({Less strong is} 35. Rxd3 Rb1+ 36. Rd1 Nxe3 $18) 35... fxg4 36. Rxd3 g3 {Hoping for ...Rb1+.} 37. Qd5 {Intending Qf7+ and mate.} e5 {[#]} (37... Qf5 $142 38. e4 Qxd5 39. Rxd5 Rb3) 38. Qxd6 (38. Qxe5+ $142 $3 {[%mdl 512]} dxe5 39. Rxd7+ Kf8 40. Nh7+ Ke8 41. Nf6+ Kf8 42. fxe5 Rb1+ 43. Kg2) 38... Rb1+ 39. Kg2 Qb7+ 40. Qd5 {Weighted Error Value: White=0.28/Black=0.71} (40. e4 $142 Kh6 41. Qf8+ Qg7 {[#]} 42. Rd7 $1 {[%mdl 512]} Rb2+ 43. Kh3 Kh5 44. Rxg7 Rh2+ 45. Kxg3) 1-0

[Event "ISR Youth-Ch Finals 2021 U18"]
[Site "Ramat Hasharon"]
[Date "2021.03.22"]
[Round "4.8"]
[White "Mondri, Nadav"]
[Black "Gorshtein, Asaf"]
[Result "0-1"]
[WhiteElo "1803"]
[BlackElo "2122"]
[Annotator "TA"]
[PlyCount "110"]
[EventDate "2021.03.19"]
[EventType "swiss"]
[EventCountry "ISR"]
[SourceTitle "playchess.com"]
[Source "ChessBase"]
[SourceQuality "1"]

{[%evp 17,110,7,15,3,13,0,0,0,2,5,12,0,7,-3,15,0,24,14,6,0,0,0,0,0,0,-6,0,-12,0,0,0,-23,0,0,0,0,0,-6,-1,-13,0,-120,-120,-120,-120,-120,-120,-120,-120,-120,-105,-113,-113,-120,-120,-120,-120,-120,-120,-240,-121,-128,-131,-302,-268,-643,-620,-740,-707,-677,-616,-1668,-1636,-1138,-1131,-1041,-1056,-5732,-5732,-4710,-4702,-29966,-29964,-29962,-12465,-6103,-5397,-5397,-4710,-29989,-29990,-29995,-29996,-29996,-1308]} 1. e4 c6 2. d4 d5 3. Nc3 dxe4 4. Nxe4 Nd7 5. Nf3 Ngf6 6. Nxf6+ Nxf6 7. Bc4 Bf5 8. O-O e6 9. Bf4 Bd6 $1 {The main line 9...Bd6 scores better than 9...Be7.} 10. Bxd6 {B17: Caro-Kann: Modern Line (4...Nd7).} Qxd6 11. h3 O-O {[#]} 12. Bd3 $146 {The position is equal.} ({Predecessor:} 12. c3 Rfd8 13. Qe2 b5 14. Bb3 a5 15. a3 Be4 16. Rfd1 a4 17. Ba2 Bd5 18. Bb1 h6 19. Qe3 Nd7 {½-½ (19) Rotman,D (2345)-Polak,T (2445) Witley 1996}) 12... Bxd3 13. Qxd3 Rfd8 14. c3 Rac8 15. Rad1 Nd5 16. Ne5 Rc7 17. Rd2 Nf4 18. Qf3 (18. Qe3 {keeps more tension.} Nd5 19. Qe4 b5 20. Re1 a5 21. Qe2) 18... Ng6 19. Nxg6 hxg6 20. Rfd1 Rcd7 21. Qe4 b5 22. a3 a5 23. b4 Ra7 24. Rc2 axb4 25. axb4 Ra4 26. Rcc1 Rda8 27. Qe1 Qd5 28. Ra1 Qc4 29. Rxa4 (29. Rac1 $11) 29... bxa4 $11 {[%mdl 4096] Endgame KQR-KQR} 30. Ra1 a3 {[%cal Ba4a3,Ba3a2][%mdl 32]} 31. Qc1 a2 32. Qb2 f6 33. Kh1 Kf7 34. Kg1 g5 35. f3 Ke7 36. Kh1 Kd6 37. Kg1 f5 38. Kh1 {[#]} (38. Qc2 $17) 38... Kc7 (38... g4 $1 $19 39. fxg4 fxg4) 39. Kg1 $17 Kb7 40. Kh1 $2 {Now White is beyond hope.} (40. Qc2 $17) 40... g4 $19 41. hxg4 $2 (41. Kh2) 41... fxg4 42. fxg4 Qd3 {( -> ...Qe3)} 43. Qc1 Qg3 {And now ...Qf2 would win.} 44. Qd2 Rh8+ 45. Kg1 Qh2+ 46. Kf2 Rf8+ 47. Ke3 Qg3+ {[%mdl 64] [#] Double Attack} 48. Ke4 Rf2 {[%mdl 64] Double Attack} 49. Qe1 Qxg4+ 50. Kd3 Qf5+ 51. Kc4 Qd5+ 52. Kd3 Rxg2 53. Qh4 Qb5+ {Black mates.} 54. Ke4 Qe2+ 55. Kf4 g5+ {Weighted Error Value: White=0.75/Black=0.16} 0-1

[Event "ISR Youth-Ch Finals 2021 U18"]
[Site "Ramat Hasharon"]
[Date "2021.03.22"]
[Round "4.9"]
[White "Iliaguev, Daniel"]
[Black "Sobel, Ido"]
[Result "1-0"]
[WhiteElo "2103"]
[BlackElo "1885"]
[Annotator "TA"]
[PlyCount "65"]
[EventDate "2021.03.19"]
[EventType "swiss"]
[EventCountry "ISR"]
[SourceTitle "playchess.com"]
[Source "ChessBase"]
[SourceQuality "1"]

{[%evp 19,65,71,126,127,131,129,134,112,112,114,102,104,108,91,107,108,118,100,115,95,122,116,118,117,128,113,157,160,174,185,175,154,251,226,278,215,206,195,279,276,322,295,319,314,370,382,362,345]} 1. c4 e6 2. d4 d5 3. g3 Nf6 4. Bg2 Be7 5. Nf3 O-O 6. O-O b6 7. Nc3 Bb7 8. cxd5 exd5 9. Qa4 Nbd7 10. Ne5 c5 (10... Nb8 $142) 11. Nxd7 $16 {E18: Queen's Indian: Old Main Line (4 g3 Bb7 5 Bg2 Be7 6 0-0 0-0 7 Nc3).} Qxd7 12. Qxd7 Nxd7 13. Nxd5 {White is clearly better.} Bxd5 14. Bxd5 Rad8 {[#]} 15. dxc5 $1 Nxc5 16. Bf3 Bf6 17. Rb1 Rd7 {[#]} 18. b3 $146 {[%cal Bb2b3,Bb3b4][%mdl 32]} ({Predecessor:} 18. Be3 Rfd8 19. Rfc1 Ne6 20. Bg4 Kf8 21. Kf1 Ke7 22. h4 h6 23. b3 Rd6 24. Rc2 {1-0 (62) Nilssen,J (2326)-Nielsen,B (2142) Copenhagen 1999}) 18... Rfd8 19. Be3 Na6 20. b4 Nc7 21. Bg4 Rd5 22. a4 {[%cal Ba2a4,Ba4a5][%mdl 32]} Be5 23. Rfc1 Ne8 24. Bf3 R5d6 25. a5 f5 (25... Nc7 $16 26. Bc6 (26. axb6 axb6 27. Bc6 Rb8 $16) 26... Rb8 27. axb6 axb6) 26. Kg2 h6 27. axb6 axb6 28. Rc6 Rxc6 (28... Rb8 $142 29. Rbc1 Kf7 30. Bh5+ g6) 29. Bxc6 $18 Bc7 30. Ra1 Nf6 31. Ra7 Rc8 32. b5 Kf8 33. Rb7 {Weighted Error Value: White=0.12/Black=0.29} 1-0